Využitie udržateľného marketingu vo výrobných podnikoch dizertačná práca

Na minha lista:
Detalhes bibliográficos
Autor principal: Okasová, Zuzana, 1988-
Autor Corporativo: Obchodná fakulta EU. Katedra marketingu
Outros Autores: Kita, Jaroslav
Formato: Livro
Idioma:eslovaco
Publicado em: Bratislava 2018
Assuntos:
Tags: Adicionar Tag
Sem tags, seja o primeiro a adicionar uma tag!

MARC

LEADER 00000nbm a2200000 4500
001 0246250
005 20230227105048.4
041 0 |a slo 
044 |a SK 
245 1 0 |a Využitie udržateľného marketingu vo výrobných podnikoch  |b dizertačná práca  |c Zuzana Okasová ; školiteľ: Jaroslav Kita 
264 1 |a Bratislava  |c 2018 
300 |a 148 s. 
610 2 0 |a marketing 
610 2 0 |a podnik výrobný 
610 2 0 |a zodpovednosť spoločenská 
610 2 0 |a rozvoj trvalo udržateľný 
610 2 0 |a výskum 
100 1 |a Okasová, Zuzana, 1988- 
700 1 |a Kita, Jaroslav 
710 2 |a Obchodná fakulta EU. Katedra marketingu